000 00658cam a22002171 4500
001 sa 67002737
003 DLC
005 20260227112332.0
008 760107s1965 xx 000 0 eng
010 _asa 67002737
035 _a(OCoLC)1915259
040 _aDLC
_cMCM
_dDLC
042 _apremarc
050 0 0 _aHC437.B43
_bA47
110 1 _aWest Bengal.
_bCalcutta Metropolitan Planning Organisation.
245 1 0 _aRegional planning for West Bengal;
_ba statement of needs, prospects and strategy.
260 _a[Calcutta]
_c1965.
300 _a96 p.
_bmaps
_c29 cm.
500 _aErrata slip inserted.
651 0 _aWest Bengal (India)
_xEconomic policy.
999 _c73401
_d73401